Все про працю та зарплату №4 (Record no. 206612)

MARC details
001 - Ідентифікатор запису
Ідентифікатор запису 206612
101 ## - Мова
Мова українська
102 ## - Країна публікації/виробництва
Країна Україна
200 ## - Назва
Назва Все про працю та зарплату №4
210 ## - Місце та час видання
Дата видання 2025
942 ## - Додаткові дані (Коха)
Тип одиниці Журнали
000 -Маркер запису
Маркер (контрольне поле довжиною 24 байти) 00335nam 22001453 4500
005 - Ідентифікатор версії
Ідентифікатор версії 20250501094622.0
100 ## - Дані загальної обробки
Дані загальної обробки 20250501 ukry50
801 ## - Джерело походження запису
Код бібліографічного формату unimarc
Країна Україна
Правила каталогізації psbo
Holdings
Джерельне місце зберігання Поточне місце зберігання чи видачі Тип одиниці (рівень примірника) <br/>&nbsp; Штрих-код Джерело класифікації чи схема поличного розташування Дата внесення в Коха Стан списання <br/>&nbsp;<br/>&nbsp; Стан обігу (не для випожичання) Стан пошкодження Стан втрати/відсутності Дата, коли останній раз бачено примірник Дата останнього редагування примірника
Читальний зал Читальний зал Журнали 2025/4Зар Універсальна десяткова класифікація (УДК) 01/05/2025         01/05/2025 2025-05-01 09:46:56

Powered by Koha